=LDR 00000nam 2200000 4500 =001 INLIS000000000001943 =005 20130612090324 =008 ***********************************Ind** =035 ##$$0010-061300000001943 =041 ##$$a Ind =082 ##$$a 604.6 =090 ##$$a 604.6, Sai =100 ##$$a Sa'id, Gumbira =245 ##$$a Penanganan dan pemanfaatan limbah kelapa sawit, Gumbira Sa'id =260 ##$$a 1996 $b Ungaran =300 ##$$a ix,106 hlm, ilus, 21 cm =650 ##$$a Limbah Pabrik =850 ##$$a NBPNMAT